[Event "Escaldes zt"]
[Site "Escaldes"]
[Date "1998.11.11"]
[Round "6"]
[White "Kosten, Anthony C"]
[Black "Garcia Ilundain, David"]
[Result "0-1"]
[WhiteElo "2515"]
[BlackElo "2485"]
[PlyCount "120"]
[EventDate "1998.11.06"]
[EventType "swiss"]
[EventRounds "9"]
[EventCountry "AND"]
[SourceTitle "CBM 068"]
[Source "ChessBase"]
[SourceDate "1999.02.01"]
[SourceVersion "1"]
[SourceVersionDate "1999.02.01"]
[SourceQuality "1"]

1. d4 Nf6 2. Bg5 e6 3. e4 h6 4. Bxf6 Qxf6 5. c3 d5 6. e5 Qd8 7. b4 a5 8. b5 a4 9. Bd3 c5 10. bxc6 bxc6 11. Ne2 c5 12. 0-0 Nc6 13. Nd2 Be7 14. Nf3 cxd4 15. Nexd4 Nxd4 16. Nxd4 Qc7 17. Re1 0-0 18. Rc1 Bg5 19. Rc2 Ba6 20. g3 Be7 21. f4 Rfc8 22. f5 Bc5 23. Rf2 Qa5 24. Bxa6 Rxa6 25. Re3 Ba7 26. fxe6 fxe6 27. Ref3 Rac6 28. Qf1 Bxd4 29. cxd4 Qb4 30. Qd3 Qc4 31. Kg2 Qxd3 32. Rxd3 Rc3 33. Rdd2 a3 34. Kf1 Rb8 35. Ke2 Rb2 36. Kd1 Rb1+ 37. Ke2 Rb2 38. Kd1 Rb4 39. Ke2 Kh7 40. Rf3 Rxf3 41. Kxf3 Rb2 42. Ke3 Kg6 43. Rf2 h5 44. h3 h4 45. Rf3 Rxa2 46. gxh4 Rb2 47. Rg3+ Kh6 48. Kf4 a2 49. Ra3 Rd2 50. Ke3 Rb2 51. Ra8 Rb3+ 52. Kf4 Rd3 53. Rh8+ Kg6 54. h5+ Kf7 55. Ra8 Rxd4+ 56. Kg5 Rd2 57. Ra7+ Kg8 58. Ra8+ Kh7 59. h6 Rg2+ 60. Kh5 a1Q 0-1

[Event "Escaldes zt"]
[Site "Escaldes"]
[Date "1998.11.10"]
[Round "5"]
[White "Garcia Ilundain, David"]
[Black "Wells, Peter K"]
[Result "1/2-1/2"]
[WhiteElo "2485"]
[BlackElo "2515"]
[PlyCount "33"]
[EventDate "1998.11.06"]
[EventType "swiss"]
[EventRounds "9"]
[EventCountry "AND"]
[SourceTitle "CBM 068"]
[Source "ChessBase"]
[SourceDate "1999.02.01"]
[SourceVersion "1"]
[SourceVersionDate "1999.02.01"]
[SourceQuality "1"]

1. d4 Nf6 2. Nf3 d5 3. c4 e6 4. g3 Be7 5. Bg2 0-0 6. 0-0 dxc4 7. Qc2 a6 8. a4 Bd7 9. Qxc4 Bc6 10. Bg5 Bd5 11. Qd3 c5 12. Nc3 Bc6 13. Rfd1 cxd4 14. Nxd4 Bxg2 15. Kxg2 Nbd7 16. Qf3 Qb8 17. Rac1 1/2-1/2